Manual de cobro administrativo coactivo para entidades territoriales / (Registro nro. 3732)

Detalles MARC
000 -LEADER
fixed length control field 01218nam a2200253Ia 4500
003 - CONTROL NUMBER IDENTIFIER
control field OSt
005 - DATE AND TIME OF LATEST TRANSACTION
control field 20210108200344.0
008 - FIXED-LENGTH DATA ELEMENTS--GENERAL INFORMATION
fixed length control field 191128s2004 ck fr f000 0 spa d
040 ## - CATALOGING SOURCE
Original cataloging agency CO-JMCR
Transcribing agency CO-JMCR
041 0# - LANGUAGE CODE
Language code of text/sound track or separate title spa
082 04 - DEWEY DECIMAL CLASSIFICATION NUMBER
Classification number 352.13 /
Item number C718m
Edition number 23
110 1# - MAIN ENTRY--CORPORATE NAME
Corporate name or jurisdiction name as entry element Colombia.
Subordinate unit Ministerio de Hacienda y Crédito Público
9 (RLIN) 7620
245 10 - TITLE STATEMENT
Title Manual de cobro administrativo coactivo para entidades territoriales /
Statement of responsibility, etc. Ministerio de Hacienda y Crédito Público
260 ## - PUBLICATION, DISTRIBUTION, ETC.
Place of publication, distribution, etc. Bogotá :
Name of publisher, distributor, etc. Ministerio de Hacienda y Crédito Público,
Date of publication, distribution, etc. 2004
300 ## - PHYSICAL DESCRIPTION
Extent 258 páginas ;
Dimensions 24 cm.
490 0# - SERIES STATEMENT
Series statement Instrumentos de apoyo a la gestión tributaria territorial
505 0# - FORMATTED CONTENTS NOTE
Formatted contents note Vía persuasiva y trámites iniciales -- Aspectos generales del procedimiento administrativo coactivo -- Actuaciones procesales -- Glosario de términos -- Normas -- Jurisprudencia y doctrina -- Modelos de actuaciones
650 14 - SUBJECT ADDED ENTRY--TOPICAL TERM
Topical term or geographic name entry element Recaudación de impuestos
General subdivision manuales
Geographic subdivision Colombia
9 (RLIN) 8405
650 14 - SUBJECT ADDED ENTRY--TOPICAL TERM
Topical term or geographic name entry element Evasión de impuestos
General subdivision legislación
Geographic subdivision Colombia
9 (RLIN) 9643
650 14 - SUBJECT ADDED ENTRY--TOPICAL TERM
Topical term or geographic name entry element Procedimiento tributario
General subdivision manuales
Geographic subdivision Colombia
9 (RLIN) 9644
650 14 - SUBJECT ADDED ENTRY--TOPICAL TERM
Topical term or geographic name entry element Impuestos territoriales
General subdivision manuales
Geographic subdivision Colombia
9 (RLIN) 9645
650 24 - SUBJECT ADDED ENTRY--TOPICAL TERM
Topical term or geographic name entry element Derecho fiscal
Geographic subdivision Colombia
9 (RLIN) 8409
942 ## - ADDED ENTRY ELEMENTS (KOHA)
Source of classification or shelving scheme Dewey Decimal Classification
Koha item type Books
Existencias
Withdrawn status Lost status Source of classification or shelving scheme Damaged status Not for loan Collection code Home library Current library Date acquired Source of acquisition Full call number Barcode Date last seen Copy number Koha item type
    Dewey Decimal Classification     Non-fiction Biblioteca Pública José María del Castillo y Rada Biblioteca Pública José María del Castillo y Rada 04/10/2018 Donación 352.13 / C718m 201807829 05/16/2024 Ej.1 Books